[Event "Challenge"]
[Site "http://www.queenalice.com/game.php?id=727383"]
[Date "2010.2.7"]
[Round "-"]
[White "noel"]
[Black "Wettkampf"]
[Result "1-0"]
[WhiteElo "1782"]
[BlackElo "1503"]

1. e4 e5 2. Nf3 d6 3. h3 Nc6 4. Nc3 Be6 5. Bb5 Ne7 6. O-O Qd7 7. d4 exd4 8. Nxd4
O-O-O 9. Be3 a6 10. Ba4 b5 11. Bb3 b4 12. Nxe6 bxc3 13. Nxd8 Kxd8 14. Bxf7 cxb2
15. Rb1 Na5 16. Rxb2 g5 17. Bxg5 Bg7 18. Rb8+ Qc8 19. Rxc8+ Kxc8 20. Bxe7 Be5
21. Be6+ Kb8 22. Qb1+ Nb7 23. Bd5 c6 24. Bxc6 Rc8 25. Qxb7# 1-0

[Event "Invitation"]
[Site "http://www.queenalice.com/game.php?id=739203"]
[Date "2010.3.1"]
[Round "-"]
[White "noel"]
[Black "SprDog"]
[Result "1-0"]
[WhiteElo "2011"]
[BlackElo "1990"]

1. e4 e5 2. Nf3 Nf6 3. Bc4 Nc6 4. O-O Nxe4 5. Bd5 Nf6 6. Bxc6 dxc6 7. Nxe5 Bd6
8. d4 O-O 9. Bf4 Bf5 10. Nd2 Nd5 11. Bg3 f6 12. Nef3 Bg4 13. Ne4 Bxg3 14. Nxg3
Nf4 15. c3 Qd5 16. Re1 Bxf3 17. Qxf3 Rae8 18. Qxf4 Rc8 19. Re7 Rf7 20. Nf5 Rcf8
21. Qg4 Kh8 22. Rae1 g6 23. Rxf7 Qxf7 24. Nh6 Qg7 25. Qh4 Qd7 26. Ng4 Kg7 27.
Qh6+ Kg8 28. Qf4 Kg7 29. h4 Kh8 30. Qe4 h5 31. Ne3 Kg7 32. Nc4 Qd5 33. b3 Qxe4
34. Rxe4 Kf7 35. Na5 f5 36. Re5 Rb8 37. f4 Kf6 38. a4 Kf7 39. Kf2 Kf6 40. b4 a6
41. c4 Rd8 42. Ke3 Rb8 43. b5 axb5 44. axb5 cxb5 45. Rxb5 b6 46. Nc6 Ra8 47. Ne5
Ra3+ 48. Nd3 Ra2 49. g3 Rg2 50. Kf3 Rd2 51. Rb3 Rc2 52. c5 bxc5 53. Nxc5 1-0

[Event "Challenge"]
[Site "http://www.queenalice.com/game.php?id=743405"]
[Date "2010.3.9"]
[Round "-"]
[White "eddval"]
[Black "noel"]
[Result "1-0"]
[WhiteElo "2020"]
[BlackElo "2053"]

1. c4 e5 2. Nc3 Bc5 3. Nf3 d6 4. d4 exd4 5. Nxd4 Qh4 6. e3 Nf6 7. Be2 Ne4 8.
Nxe4 Qxe4 9. O-O O-O 10. b3 Re8 11. Bb2 Qg6 12. Qd2 Bh3 13. Bf3 c6 14. Kh1 Bg4
15. Qc3 Bxd4 16. Qxd4 Bf5 17. Rad1 Re6 18. g4 Bc2 19. Rd2 c5 20. Qxg7+ Qxg7 21.
Bxg7 Be4 22. Bxe4 Rxe4 23. Bc3 Rxg4 24. Rxd6 Nc6 25. Rd7 b6 26. Rg1 Rg6 27. Rg3
Kf8 28. Kg2 Ke8 29. Rc7 Ne7 30. e4 Re6 31. Rg7 Kd8 32. Rb7 Kc8 33. Rxe7 Rxe7 34.
f3 h6 35. Rh7 a6 36. Rxh6 Kb7 37. h4 Rd8 38. Kg3 Rd3 39. Bf6 Red7 40. Rh7 Rd2
41. h5 Rxa2 42. h6 Rad2 43. Rg7 Rd1 44. Rg4 Rh1 45. Rh4 Rxh4 46. Kxh4 Rd1 47.
Kg4 Rh1 48. Bh4 Rg1+ 49. Kh5 Rg8 50. h7 Rh8 51. Kh6 Kc6 52. Bf6 Rxh7+ 53. Kxh7
Kd7 54. Kg7 Ke8 55. f4 b5 56. Bc3 Ke7 57. f5 Ke8 58. Be1 bxc4 59. bxc4 Ke7 60.
e5 Ke8 61. f6 1-0

[Event "Challenge"]
[Site "http://www.queenalice.com/game.php?id=745431"]
[Date "2010.3.13"]
[Round "-"]
[White "theblackfox"]
[Black "noel"]
[Result "0-1"]
[WhiteElo "1884"]
[BlackElo "2024"]

1. e4 e5 2. Nf3 d6 3. Nc3 Nf6 4. Bc4 Be7 5. O-O O-O 6. Ng5 Ng4 7. Bxf7+ Rxf7 8.
Nxf7 Kxf7 9. Nd5 Bg5 10. d4 Bxc1 11. Rxc1 Nc6 12. Qf3+ Nf6 13. dxe5 Nxe5 14. Qb3
Kf8 15. Rfe1 c6 16. Nxf6 Qxf6 17. f3 b5 18. a4 a6 19. axb5 axb5 20. Ra1 Rb8 21.
c4 Nxc4 22. Ra7 Qd4+ 23. Kh1 Qxa7 24. h4 Qf2 25. Rd1 Ne3 26. Rg1 Qxh4# 0-1

[Event "Challenge"]
[Site "http://www.queenalice.com/game.php?id=745432"]
[Date "2010.3.13"]
[Round "-"]
[White "theblackfox"]
[Black "noel"]
[Result "0-1"]
[WhiteElo "1884"]
[BlackElo "1959"]

1. e4 e5 2. Nf3 d6 3. Nc3 Nf6 4. Bc4 Bg4 5. O-O Be7 6. h3 Bh5 7. g4 Bg6 8. d4
Nxe4 9. dxe5 O-O 10. h4 Bxh4 11. e6 Nxc3 12. bxc3 fxe6 13. Bxe6+ Kh8 14. Bd5 c6
15. Bb3 Be4 16. Ba3 Bxf3 17. Qd4 c5 18. Qc4 Qg5 19. Rae1 Bxg4 20. Qe4 Bf3+ 21.
Kh2 Qg2# 0-1

[Event "Challenge"]
[Site "http://www.queenalice.com/game.php?id=745433"]
[Date "2010.3.13"]
[Round "-"]
[White "noel"]
[Black "theblackfox"]
[Result "1-0"]
[WhiteElo "2035"]
[BlackElo "1884"]

1. e4 e5 2. Nf3 Nc6 3. Bb5 Nf6 4. Bxc6 dxc6 5. d3 Bg4 6. h3 Bh5 7. g4 Bg6 8.
Nxe5 Bb4+ 9. c3 Bd6 10. Nxg6 hxg6 11. Bg5 Be7 12. Nd2 Qd7 13. Nc4 O-O-O 14. Ne5
Qe6 15. Bxf6 gxf6 16. Nf3 f5 17. gxf5 gxf5 18. Nd4 Qg6 19. Nxf5 Qg2 20. Nxe7+
Kb8 21. Ke2 Rxh3 22. Rxh3 Qxh3 23. Nf5 c5 24. Ng3 c4 25. d4 c5 26. d5 f5 27. Qh1
Qg4+ 28. Qf3 Qh3 29. Nxf5 Qh8 30. Rh1 Qe5 31. Rh7 b5 32. Re7 Qh2 33. Qg3+ Qxg3
34. Nxg3 b4 35. Nf5 a5 36. d6 a4 37. e5 a3 38. bxa3 b3 39. axb3 cxb3 40. Rg7 b2
41. Rg1 Re8 42. Ne7 Rd8 43. Nc6+ Kc8 44. Nxd8 Kxd8 45. e6 1-0

[Event "Challenge"]
[Site "http://www.queenalice.com/game.php?id=745434"]
[Date "2010.3.13"]
[Round "-"]
[White "noel"]
[Black "theblackfox"]
[Result "1-0"]
[WhiteElo "2010"]
[BlackElo "1884"]

1. e4 e5 2. Bc4 Nc6 3. Nf3 Bc5 4. d3 Nf6 5. Bg5 Nd4 6. Nxe5 Ne6 7. Bh4 d6 8. Ng4
Nd4 9. Nxf6+ gxf6 10. Nc3 Be6 11. Nd5 Bxd5 12. Bxd5 c6 13. Bc4 d5 14. Bb3 Nxb3
15. axb3 Be7 16. O-O f5 17. Bxe7 Qxe7 18. exd5 O-O 19. dxc6 bxc6 20. Qf3 Qe6 21.
Rfe1 Qd5 22. Qxd5 cxd5 23. Re5 f4 24. Rxd5 Rac8 25. c3 f5 26. Rd7 h5 27. Rdxa7
Rb8 28. b4 h4 29. Re7 Kh8 30. Raa7 Rfd8 31. d4 f3 32. gxf3 Rg8+ 33. Kf1 Rg6 34.
d5 h3 35. Re6 Rg2 36. Rh6+ Kg8 37. Rxh3 Rg7 38. Rg3 Rxg3 39. fxg3 1-0

[Event "Challenge"]
[Site "http://www.queenalice.com/game.php?id=749247"]
[Date "2010.3.21"]
[Round "-"]
[White "scaramouche"]
[Black "noel"]
[Result "0-1"]
[WhiteElo "1843"]
[BlackElo "2067"]

1. c4 e5 2. Nc3 Nf6 3. e4 Bc5 4. d3 h6 5. Be3 Bxe3 6. fxe3 O-O 7. Nf3 d6 8. Be2
Be6 9. O-O Ng4 10. Qd2 Nc6 11. a3 Ne7 12. d4 Ng6 13. h3 Nf6 14. d5 Bd7 15. b4 a6
16. b5 axb5 17. cxb5 Qe7 18. a4 Nh5 19. Qe1 f5 20. exf5 Rxf5 21. g4 Rxf3 22.
Rxf3 Nf6 23. e4 Nf4 24. Kh2 Nh7 25. Bc4 Ng5 26. Rg3 b6 27. Qe3 Rf8 28. Ne2 Ng6
29. a5 bxa5 30. Nc3 Ra8 31. Rf1 Nf4 32. Rxf4 exf4 33. Qxf4 Rf8 34. Qe3 Qe5 35.
Be2 Rf4 36. Kg2 Nxe4 37. Nxe4 Rxe4 0-1

[Event "Challenge"]
[Site "http://www.queenalice.com/game.php?id=749248"]
[Date "2010.3.21"]
[Round "-"]
[White "noel"]
[Black "scaramouche"]
[Result "0-1"]
[WhiteElo "2092"]
[BlackElo "1843"]

1. d4 d5 2. Bf4 e6 3. Nf3 Nc6 4. e3 Nf6 5. Bd3 Be7 6. O-O O-O 7. Nbd2 a6 8. Ne5
Nxe5 9. Bxe5 Nd7 10. Qh5 f5 11. Nf3 Nxe5 12. Nxe5 Qe8 13. Qh3 Bf6 14. f4 Bxe5
15. fxe5 Qg6 16. Rf3 Bd7 17. Rg3 Qf7 18. Qh4 g6 19. Rf1 Bb5 20. Bxb5 axb5 21. a3
c6 22. Rgf3 b6 23. g4 c5 24. gxf5 exf5 25. c3 b4 26. axb4 cxb4 27. Qe1 bxc3 28.
bxc3 b5 29. Qb1 Rab8 30. Rf4 Qe6 31. Qb3 h5 32. Ra1 Kh7 33. Ra7+ Kh6 34. Rf2 Rf7
35. Rxf7 Qxf7 36. e4 Qe7 37. exf5 Qg5+ 38. Kf1 gxf5 39. Qxd5 Qc1+ 40. Kg2 Qg5+
41. Kh3 Qg4# 0-1

[Event "Challenge"]
[Site "http://www.queenalice.com/game.php?id=773462"]
[Date "2010.5.10"]
[Round "-"]
[White "ZUMBI"]
[Black "noel"]
[Result "0-1"]
[WhiteElo "1928"]
[BlackElo "2056"]

1. e4 e5 2. Nf3 d6 3. Nc3 Nf6 4. d4 exd4 5. Nxd4 Be7 6. Nf5 O-O 7. Bc4 Nc6 8.
Qf3 Bxf5 9. Qxf5 Nd4 10. Qg4 Nxg4 11. Be3 Nxc2+ 12. Kd2 Nxa1 13. Rxa1 Bg5 14. h3
Bxe3+ 15. fxe3 Ne5 16. Bb3 Qg5 17. Ne2 Qxg2 18. Rg1 Nf3+ 19. Kd3 Nxg1 20. Nxg1
Qxg1 21. a4 Qf1+ 22. Kd4 c5+ 23. Kd5 Qa6 24. e5 Qd3# 0-1

[Event "Challenge"]
[Site "http://www.queenalice.com/game.php?id=773463"]
[Date "2010.5.10"]
[Round "-"]
[White "noel"]
[Black "ZUMBI"]
[Result "1-0"]
[WhiteElo "2076"]
[BlackElo "1935"]

1. d4 d5 2. Nf3 Nf6 3. Nc3 Nc6 4. Bf4 a6 5. e3 Bg4 6. Be2 e6 7. O-O Bb4 8. Na4
b5 9. a3 Bd6 10. Bxd6 Qxd6 11. Nc5 Ne4 12. Nxe4 dxe4 13. Ng5 Bxe2 14. Qxe2 h6
15. Nxe4 Qd5 16. Qg4 g6 17. Nf6+ Kf8 18. Nxd5 exd5 19. Qd7 Na5 20. Qxd5 Re8 21.
Qc5+ Re7 22. b3 Nb7 23. Qc6 Nd6 24. Qxa6 f5 25. c4 bxc4 26. bxc4 Ne4 27. f3 Nd2
28. Qf6+ Rf7 29. Qxh8+ Ke7 30. Qe5+ Kf8 31. Rab1 Nxf1 32. Rb8# 1-0

[Event "Challenge"]
[Site "http://www.queenalice.com/game.php?id=780760"]
[Date "2010.5.25"]
[Round "-"]
[White "eddval"]
[Black "noel"]
[Result "0-1"]
[WhiteElo "2117"]
[BlackElo "2083"]

1. e4 e5 2. Nf3 d6 3. d4 exd4 4. Nxd4 Nf6 5. Nc3 Be7 6. Bc4 O-O 7. O-O c5 8.
Nde2 Bg4 9. f3 Bh5 10. Bf4 Nc6 11. Qd2 Ne5 12. Bd5 Nxd5 13. Nxd5 Bf6 14. b3
Nxf3+ 15. gxf3 Bxa1 16. Rxa1 Bxf3 17. Ng3 Re8 18. Re1 Re6 19. Qf2 Bg4 20. Bc1
Bh3 21. Qf4 Rc8 22. Bb2 Rg6 23. c4 Be6 24. Kh1 Rg4 25. Qf3 Qh4 26. Bc3 Re8 27.
Rf1 Qh3 28. Nf4 Qh6 29. Ngh5 Rg5 30. Rg1 Rxg1+ 31. Kxg1 f6 32. Qd3 Bf7 33. Qf3
Bxh5 34. Nxh5 Qc1+ 35. Kg2 Qc2+ 36. Kg3 Qxe4 37. Qxe4 Rxe4 38. Bd2 Kf7 39. Nf4
g5 40. Nd5 Re2 41. Bc3 f5 42. Bf6 h6 43. h4 g4 44. a4 Rd2 45. Bc3 Rd3+ 46. Kg2
Rh3 47. Bd2 Rxb3 48. Bxh6 Ra3 49. Bf4 Rxa4 50. Ne3 Kg6 51. Bxd6 b6 52. Kf2 Ra2+
53. Kg3 a5 54. Bc7 Rb2 55. Nd5 a4 56. Be5 Rb3+ 57. Kg2 a3 58. Ne7+ Kf7 59. Nd5
a2 60. h5 Rb1 61. Kg3 a1=Q 62. Bxa1 Rxa1 63. Nxb6 Rh1 64. Nd7 Rxh5 65. Kf4 Rh1
66. Nxc5 Kf6 67. Nd3 Rh3 68. Ne5 Rc3 69. Nd7+ Ke6 70. Nf8+ Kf7 71. Nd7 g3 0-1

[Event "Challenge"]
[Site "http://www.queenalice.com/game.php?id=791541"]
[Date "2010.6.17"]
[Round "-"]
[White "Ninho"]
[Black "noel"]
[Result "0-1"]
[WhiteElo "1907"]
[BlackElo "2068"]

1. d4 d5 2. c4 dxc4 3. Nc3 Nf6 4. e4 Nc6 5. f3 e5 6. d5 Nd4 7. Bxc4 Bb4 8. Bd3
Nh5 9. Be3 Qh4+ 10. Bf2 Qg5 11. Bf1 Qf6 12. a3 Ba5 13. Ne2 c5 14. Nxd4 exd4 15.
Qa4+ Bd7 16. Qxa5 b6 17. Qa6 dxc3 18. Bb5 cxb2 19. Bxd7+ Ke7 20. O-O bxa1=Q 21.
d6+ Kxd7 22. Qb7+ Kxd6 23. Qd5+ Kc7 24. Qxh5 Qxf1+ 25. Kxf1 Rad8 26. e5 Qf4 27.
g3 Qc4+ 28. Kg2 Rd1 0-1

[Event "Challenge"]
[Site "http://www.queenalice.com/game.php?id=793263"]
[Date "2010.6.22"]
[Round "-"]
[White "eddval"]
[Black "noel"]
[Result "0-1"]
[WhiteElo "2142"]
[BlackElo "2109"]

1. c4 d5 2. d4 Nf6 3. Nc3 dxc4 4. e3 Bf5 5. Bxc4 Nc6 6. Nf3 e6 7. a3 Bd6 8. Qe2
Ne4 9. Bd3 Nxc3 10. bxc3 Bg4 11. h3 Bh5 12. g4 Bg6 13. e4 O-O 14. h4 h6 15. h5
Bh7 16. g5 hxg5 17. Nxg5 e5 18. Qg4 Qc8 19. Qxc8 Raxc8 20. Bd2 Be7 21. Nxh7 Kxh7
22. d5 Na5 23. Rb1 b6 24. a4 Nb7 25. Be2 Nc5 26. Bg4 Rcd8 27. a5 Kh8 28. axb6
cxb6 29. f3 Rd6 30. Ke2 a5 31. Rb5 Na4 32. Ra1 Nc5 33. Be3 Ra8 34. Bxc5 bxc5 35.
Rxc5 Rda6 36. Rc7 R6a7 37. Rxa7 Rxa7 38. Ra4 Kh7 39. Kd3 Bd8 40. c4 Be7 41. f4
f6 42. fxe5 fxe5 43. Bd1 Kh6 44. Ra2 Bc5 45. Kc3 Kg5 46. Kb3 Kf4 47. Bc2 Bb4 48.
Ka4 Rc7 49. Bb3 Kxe4 50. Kb5 Kd4 51. Kb6 Rd7 52. Kc6 Rd6+ 53. Kb5 Rh6 54. Rh2 g5
55. hxg6 Rxh2 0-1

[Event "Challenge"]
[Site "http://www.queenalice.com/game.php?id=795317"]
[Date "2010.6.26"]
[Round "-"]
[White "eddval"]
[Black "noel"]
[Result "1/2-1/2"]
[WhiteElo "2199"]
[BlackElo "2115"]

1. e4 e5 2. Nf3 d6 3. d4 exd4 4. Nxd4 Nf6 5. Nc3 Be7 6. Be2 O-O 7. O-O Nbd7 8.
f4 c5 9. Nf5 Nb6 10. Nxe7+ Qxe7 11. Bf3 Rd8 12. b3 Be6 13. f5 Bd7 14. a4 a5 15.
Qd3 Bc6 16. Bg5 h6 17. Bh4 Nbd7 18. Rad1 Ne5 19. Qe2 Rd7 20. Kh1 Nxf3 21. Qxf3
Qe5 22. Rfe1 Re8 23. Bg3 Qe7 24. Nd5 Bxd5 25. exd5 Qd8 26. Bh4 Rde7 27. Qf1 Re4
28. Rxe4 Rxe4 29. Bg3 Qe7 30. Re1 Kf8 31. Kg1 Rxe1 32. Qxe1 Qxe1+ 33. Bxe1 b6
34. c4 Ng4 35. Bg3 Ke7 36. Bf4 Ne5 37. Bxe5 dxe5 38. g4 Kd6 39. Kf2 f6 40. Kf3
Ke7 41. Kg3 Kf7 42. Kh4 g6 43. fxg6+ Kxg6 44. Kg3 f5 45. gxf5+ Kxf5 46. Kf3 h5
47. h3 e4+ 48. Ke2 Kf6 49. Kf2 Kf5 50. Ke2 Kf6 51. Kf2 Ke5 52. h4 Kf5 53. Ke2
Kf6 54. Kf2 Kf5 55. Kg3 Ke5 56. Kf2 Kf5 57. Ke2 Kf6 58. Ke3 Ke5 59. Ke2 Kf6 60.
Kd2 Kf5 61. Ke3 Ke5 62. Ke2 Kf5 63. Kf2 Kf6 64. Kg2 Ke5 65. Kg3 Kf5 66. Kg2 Kf6
67. Kh3 Ke5 68. Kg2 Kf5 69. Kf2 Kf6 70. Ke2 Kf5 71. Kd2 Kf6 72. d6 Ke6 73. d7
Kxd7 74. Ke3 Kd6 75. Kxe4 Ke6 76. Kf4 Kf6 77. Ke4 Ke6 78. Kf4 Kf6 79. Ke4 Ke6
1/2-1/2

[Event "Challenge"]
[Site "http://www.queenalice.com/game.php?id=795318"]
[Date "2010.6.26"]
[Round "-"]
[White "eddval"]
[Black "noel"]
[Result "1-0"]
[WhiteElo "2096"]
[BlackElo "2095"]

1. e4 e5 2. Nf3 d6 3. d4 exd4 4. Nxd4 Nf6 5. Nc3 Be7 6. Be2 O-O 7. O-O b6 8. f4
Bb7 9. Bf3 Nbd7 10. Re1 Nc5 11. b4 Ncd7 12. Bb2 d5 13. e5 Ne4 14. Nxe4 dxe4 15.
Bxe4 Bxe4 16. Rxe4 Bxb4 17. Nc6 Bc5+ 18. Kh1 Qe8 19. Qg4 Qe6 20. f5 Qh6 21. f6
Nb8 22. Ne7+ Bxe7 23. fxe7 Re8 24. e6 f6 25. Rf4 Kh8 26. Raf1 Nc6 27. Rxf6 gxf6
28. Rxf6 Qg7 29. Rf8+ 1-0

[Event "Challenge"]
[Site "http://www.queenalice.com/game.php?id=814875"]
[Date "2010.8.7"]
[Round "-"]
[White "noel"]
[Black "eddval"]
[Result "0-1"]
[WhiteElo "2133"]
[BlackElo "2189"]

1. e4 c5 2. Nc3 Nc6 3. Nf3 g6 4. d4 cxd4 5. Nxd4 Bg7 6. Be3 d6 7. Bb5 Bd7 8. O-O
Nf6 9. f4 Ng4 10. Bxc6 bxc6 11. Bf2 Nxf2 12. Rxf2 Qb6 13. Nb3 a5 14. a4 Be6 15.
Kf1 Bc4+ 16. Ke1 Rb8 17. Ra3 Qe3+ 18. Ne2 Bxb2 19. Nxa5 Bxa3 20. Nxc4 Qxe4 21.
Nxa3 Qb4+ 22. Qd2 Qxa3 23. Qd4 Rb1+ 24. Kd2 O-O 25. Rf3 Qa1 26. Nc3 Re1 27. f5
Qc1+ 28. Kd3 Re5 29. fxg6 hxg6 30. h4 Qh1 31. Qg4 Kg7 32. g3 Rh8 33. Rf2 Rhh5
34. Qc4 Rd5+ 35. Nxd5 Rxd5+ 36. Ke3 Qe1+ 37. Re2 Qxg3+ 38. Ke4 f5# 0-1

[Event "Challenge"]
[Site "http://www.queenalice.com/game.php?id=817721"]
[Date "2010.8.13"]
[Round "-"]
[White "noel"]
[Black "eddval"]
[Result "1-0"]
[WhiteElo "2119"]
[BlackElo "2197"]

1. d4 d5 2. Nf3 Bf5 3. Nc3 e6 4. Ne5 Bd6 5. f4 Nd7 6. e3 Bxe5 7. fxe5 f6 8. exf6
Ngxf6 9. Bd3 Bxd3 10. cxd3 O-O 11. O-O c6 12. e4 e5 13. Be3 Qe8 14. Qe2 exd4 15.
Bxd4 Qg6 16. e5 Rae8 17. e6 c5 18. Bxf6 Nxf6 19. Rf3 Re7 20. Rg3 Qf5 21. Re3
Rfe8 22. Re1 d4 23. Re5 Qg6 24. Nd1 Ng4 25. Re4 Nf6 26. Re5 Ng4 27. Re4 Nf6 28.
Re5 b6 29. h3 h6 30. Nf2 Nh7 31. Ne4 Nf8 32. Nd6 Rb8 33. Nf5 Rbe8 34. Nxe7+ Rxe7
35. a3 Kh8 36. Qf3 Kg8 37. Qd5 Qxd3 38. Qd8 1-0

[Event "Challenge"]
[Site "http://www.queenalice.com/game.php?id=824758"]
[Date "2010.8.28"]
[Round "-"]
[White "noel"]
[Black "eddval"]
[Result "1-0"]
[WhiteElo "2193"]
[BlackElo "2125"]

1. e4 e5 2. Nf3 Nc6 3. Bc4 Bc5 4. d3 d6 5. O-O h6 6. Be3 Bb6 7. Nc3 Nf6 8. Nd5
Be6 9. Nxb6 axb6 10. Bb5 O-O 11. h3 Nh7 12. Qd2 f5 13. exf5 Bxf5 14. Rae1 Bxh3
15. Bxc6 bxc6 16. Nxe5 Bxg2 17. Kxg2 dxe5 18. Rg1 Rxa2 19. Qc3 Qd6 20. Kf1 Raa8
21. d4 e4 22. d5 Rf6 23. Bxh6 Rg6 24. Rxg6 Qxg6 25. Be3 c5 26. Qc4 Nf6 27. d6+
Kh7 28. dxc7 Rc8 29. Bf4 Qf5 30. Bg3 Nh5 31. Qc3 Qh3+ 32. Kg1 Nxg3 33. fxg3 Qf5
34. Qe3 Rxc7 35. Qxe4 Qxe4 36. Rxe4 Rd7 37. Kf2 Rd2+ 38. Re2 Rxe2+ 39. Kxe2 Kg6
40. c4 Kf5 41. Kf3 Ke5 42. Ke3 Kf5 43. Kf3 Kg5 44. g4 Kh4 45. Kf4 Kh3 46. g5 Kh4
47. Kf5 Kh5 48. b3 Kh4 49. Kg6 Kg4 50. Kxg7 Kxg5 51. Kf7 Kf5 52. Ke7 Ke5 53. Kd7
Kd4 54. Kc6 Kc3 55. Kxb6 Kb4 56. Kc6 Kxb3 57. Kxc5 1-0

[Event "Challenge"]
[Site "http://www.queenalice.com/game.php?id=824775"]
[Date "2010.8.28"]
[Round "-"]
[White "noel"]
[Black "eddval"]
[Result "1-0"]
[WhiteElo "2142"]
[BlackElo "2197"]

1. e4 d5 2. Nc3 d4 3. Nd5 c6 4. Nf4 e5 5. Nd3 Bd6 6. Nf3 f5 7. Nfxe5 Nf6 8. exf5
Qe7 9. f4 Bxf5 10. Qe2 O-O 11. Kf2 c5 12. g3 c4 13. Nxc4 Nc6 14. Qxe7 Bxe7 15.
Nde5 Nb4 16. Na3 Nxc2 17. Bc4+ Kh8 18. Nxc2 Bxc2 19. d3 g5 20. Re1 Bb4 21. Nf7+
Kg7 22. Nxg5 Bxe1+ 23. Kxe1 Rfe8+ 24. Kd2 Ba4 25. Ne6+ Kg6 26. Nxd4 Ng4 27. b3
Bd7 28. Nf3 Bc6 29. Nh4+ Kh5 30. Bf7+ 1-0

[Event "Challenge"]
[Site "http://www.queenalice.com/game.php?id=824777"]
[Date "2010.8.28"]
[Round "-"]
[White "eddval"]
[Black "noel"]
[Result "0-1"]
[WhiteElo "2109"]
[BlackElo "2180"]

1. e4 e5 2. Bc4 Nf6 3. d3 Bc5 4. Nf3 d6 5. Be3 Nbd7 6. Nc3 O-O 7. O-O b6 8. d4
exd4 9. Nxd4 Ne5 10. Bb3 Bb7 11. f3 d5 12. exd5 Nxd5 13. Nxd5 Bxd5 14. Qe1 Bxd4
15. Bxd4 Nxf3+ 16. Rxf3 Bxf3 17. Qe5 Qf6 18. Qxf6 gxf6 19. gxf3 Kg7 20. Kf2 Rg8
21. Rg1+ Kf8 22. Rxg8+ Kxg8 23. Bxf6 c5 24. Bd5 Re8 25. c4 Rc8 26. f4 Rc7 27.
Kf3 Rd7 28. Ke4 Kf8 29. h4 a5 30. h5 a4 31. Bc6 Rd6 32. Bxa4 Rxf6 33. f5 Rd6 34.
b3 Rh6 35. Kd5 Rxh5 36. Kc6 Rh6+ 37. Kc7 Rf6 38. Bc6 h5 39. Kxb6 h4 40. Kxc5
Rxc6+ 41. Kxc6 h3 42. a4 h2 43. b4 h1=Q+ 44. Kb6 Ke7 45. c5 Kd7 46. b5 Kc8 47.
c6 Qg1+ 48. Ka6 Kc7 49. a5 Qf1 50. f6 Qc4 51. Ka7 Qxb5 0-1

[Event "Challenge"]
[Site "http://www.queenalice.com/game.php?id=824778"]
[Date "2010.8.28"]
[Round "-"]
[White "eddval"]
[Black "noel"]
[Result "0-1"]
[WhiteElo "2179"]
[BlackElo "2162"]

1. e4 e5 2. Nf3 d6 3. Bc4 Bg4 4. Nc3 Nc6 5. h3 Bh5 6. g4 Bg6 7. d3 Nf6 8. Be3
Be7 9. Qd2 O-O 10. a3 Qd7 11. O-O-O Na5 12. Ba2 b6 13. Ne1 c6 14. f3 d5 15. Ne2
d4 16. Bf2 h6 17. h4 Ne8 18. Ng3 Nd6 19. Ng2 Kh8 20. Qe2 Rac8 21. f4 f6 22. f5
Bf7 23. Bxf7 Nxf7 24. Ne1 Bd6 25. Nf3 Qe7 26. Qd2 c5 27. g5 c4 28. Bxd4 exd4 29.
Nxd4 Bxg3 30. Ne6 c3 31. Qe3 cxb2+ 32. Kd2 Qd6 33. gxf6 Nc4+ 34. Ke2 Nxe3 35.
fxg7+ Kg8 36. gxf8=Q+ Rxf8 37. Kxe3 Bxh4 38. Nxf8 Kxf8 39. Rb1 Bg5+ 40. Ke2 Qxa3
41. Rhg1 Ne5 0-1

[Event "Challenge"]
[Site "http://www.queenalice.com/game.php?id=840176"]
[Date "2010.9.30"]
[Round "-"]
[White "noel"]
[Black "eddval"]
[Result "1/2-1/2"]
[WhiteElo "2203"]
[BlackElo "2112"]

1. d4 Nf6 2. Nf3 e6 3. Bg5 Be7 4. Nc3 b6 5. e3 Bb7 6. Be2 d6 7. O-O Nbd7 8. h3
O-O 9. Bd3 e5 10. dxe5 dxe5 11. Nd2 Nc5 12. Bf5 g6 13. Bxf6 Bxf6 14. Bg4 Qe7 15.
e4 Rad8 16. Qe2 Bg5 17. Nb3 Ba6 18. Qe1 Bxf1 19. Qxf1 c6 20. Qc4 h5 21. Bf3 Nxb3
22. axb3 Rd6 23. b4 Rfd8 24. b5 Qd7 25. g4 Kg7 26. Kg2 Rc8 27. gxh5 cxb5 28. Qb3
Rd2 29. hxg6 fxg6 30. Nxb5 Qf7 31. Rxa7 Be7 32. Qxf7+ Kxf7 33. c3 Rc5 34. Nc7
Rd7 35. Nb5 Rxa7 36. Nxa7 Rc7 37. Nb5 Rd7 38. Be2 Rd2 39. Bc4+ Kg7 40. b4 Bh4
41. Kf3 Rxf2+ 42. Ke3 Rg2 43. Be6 Be1 44. Kd3 Rg3+ 45. Kc4 Re3 46. Kd5 Kf6 47.
Bd7 Bxc3 48. Nxc3 Rxc3 49. Bg4 Rd3+ 50. Kc6 Rd4 51. b5 Rxe4 52. Kxb6 Re1 53. Kc5
Rc1+ 54. Kd5 Rb1 55. Kc6 e4 56. b6 Ke7 57. b7 Kd8 58. h4 e3 59. h5 gxh5 60. Bxh5
Rb2 61. Be2 Rc2+ 62. Kb6 Rb2+ 63. Kc6 Rb4 64. Ba6 Rb2 65. Bd3 Rb3 66. Bc4 Rb2
67. Bd3 Rb4 68. Be2 Rb2 69. Bc4 Rb4 70. Be2 Rb2 71. Bc4 Rb4 72. Be2 Rb2 73. Bc4
Rb4 74. Be2 Rb2 75. Bc4 Rb4 76. Be2 Rb1 77. Bc4 Rb4 78. Be2 Rb2 1/2-1/2